000 00484nam a2200169Ia 4500
008 230718s9999 xx 000 0 und d
020 _a9780007520534
041 _aeng
082 _a158
_bBAN
100 _aBandler R.
_9194484
245 _aThe Ultimate Introduction To NLP
_bHow To Build A Successful Life
260 _c2012
_bHarper Collins
300 _a146
365 _cRs.
_b250.00
700 _aBandler R.
_9194484
906 _dO:0333618-Mar-2013B:285309-Mar-2013
_cGENRL
_b55
999 _c332210
_d332210